[Event "Championnat de France - Open A"]
[Site "Pau"]
[Date "2008.08.19"]
[Round "7.29"]
[White "David, Frederic"]
[Black "Couche, Jean-Francois"]
[Result "1/2-1/2"]
[WhiteElo "2054"]
[BlackElo "2105"]
[PlyCount "125"]

1. e4 c5 2. Nc3 Nc6 3. f4 g6 4. Nf3 Bg7 5. Bb5 Nd4 6. O-O Nxb5 7. Nxb5 d5 8. e5
a6 9. Nc3 Bg4 10. d4 c4 11. h3 Bxf3 12. Qxf3 e6 13. f5 gxf5 14. Qh5 Qb6 15. Be3
Ne7 16. Na4 Qc6 17. b3 Ng6 18. g4 fxg4 19. hxg4 b6 20. Rf2 Ra7 21. Raf1 Rd7 22.
c3 Rc7 23. Bg5 Qb7 24. Bf6 Bxf6 25. Rxf6 Kd8 26. Qh6 Re8 27. Qxh7 Nh8 28. b4
Kc8 29. Qg7 Kb8 30. Kg2 Ka7 31. Rh1 Qb8 32. Rfh6 Ng6 33. Qf6 Rg8 34. Rh7 Qe8
35. Nb2 Nf8 36. Kf3 Nxh7 37. Rxh7 Rg6 38. Qf4 Qg8 39. Rh5 Qg7 40. g5 Rc8 41.
Nd1 Ka8 42. Nf2 Rg8 43. Nh3 Rh8 44. Rxh8+ Qxh8 45. Kg4 Qh7 46. Nf2 Rg8 47. Qf6
Rh8 48. Qe7 Qf5+ 49. Kg3 Qc2 50. Qxf7 Qxc3+ 51. Kg2 Qxd4 52. Qxe6 Rb8 53. g6
Rb7 54. Qc8+ Ka7 55. Qxb7+ Kxb7 56. g7 Qxe5 57. g8=Q Kc6 58. a4 a5 59. Qc8+ Kd6
60. Qd8+ Kc6 61. Qc8+ Kd6 62. Qd8+ Kc6 63. Qc8+ 1/2-1/2

[Event "Championnat de France - Open A"]
[Site "Pau"]
[Date "2008.08.19"]
[Round "7.30"]
[White "Ruffenach, Alain"]
[Black "Lahilhanne, Philippe"]
[Result "1-0"]
[WhiteElo "2100"]
[BlackElo "2051"]
[PlyCount "49"]

1. d4 d6 2. c4 g6 3. Nc3 Bg7 4. e4 c6 5. Be3 Nd7 6. f4 Ndf6 7. Be2 Qb6 8. Qd2
Ng4 9. Bxg4 Bxg4 10. h3 Bd7 11. Nf3 Qa6 12. Rc1 f6 13. O-O Nh6 14. b4 Nf7 15.
a4 O-O 16. b5 Qa5 17. Qd3 Rfd8 18. Bd2 Qc7 19. Ne2 a6 20. bxc6 bxc6 21. c5 e5
22. fxe5 dxe5 23. Qc4 Rf8 24. dxe5 fxe5 25. Ng5 1-0

[Event "Championnat de France - Open A"]
[Site "Pau"]
[Date "2008.08.19"]
[Round "7.31"]
[White "Schweitzer, Adrien"]
[Black "Fejzovski, Ekrem"]
[Result "0-1"]
[WhiteElo "2041"]
[BlackElo "2093"]
[PlyCount "89"]

1. d4 Nf6 2. c4 g6 3. Nc3 d5 4. h4 Bg7 5. h5 Nxh5 6. cxd5 c6 7. e4 e5 8. dxe6
Bxe6 9. g4 Nf6 10. g5 Ng8 11. Be3 Ne7 12. Qd2 Qa5 13. Nh3 Na6 14. Nf4 Bd7 15.
Bc4 b5 16. Bb3 b4 17. Nce2 Qb5 18. Rc1 Qb7 19. f3 Nc7 20. Nd3 Ne6 21. d5 cxd5
22. exd5 Nxd5 23. Nc5 Nxc5 24. Bxc5 Nc7 25. Qd6 O-O-O 26. Bxb4 Bb5 27. Qc5 Rhe8
28. Rh2 Bf8 29. Qc3 Rd3 30. Qxc7+ Qxc7 31. Rxc7+ Kxc7 32. Bxf8 Rxf8 33. Nc3
Re8+ 34. Kf2 Rd2+ 35. Kg3 Rxh2 36. Kxh2 Bc6 37. Kg3 Re5 38. f4 Re3+ 39. Kh4 Rf3
40. Kg4 Rd3 41. Bxf7 Bd7+ 42. f5 gxf5+ 43. Kf4 Kd6 44. Ne2 Rd2 45. Ng3 0-1

[Event "Championnat de France - Open A"]
[Site "Pau"]
[Date "2008.08.19"]
[Round "7.32"]
[White "Moucheroud, Jeremy"]
[Black "Lemoine, Benoit"]
[Result "1-0"]
[WhiteElo "2012"]
[BlackElo "2092"]
[PlyCount "97"]

1. e4 c5 2. Nf3 d6 3. d4 cxd4 4. Nxd4 Nf6 5. Nc3 g6 6. Be3 Bg7 7. f3 O-O 8. Bc4
Nc6 9. Qd2 Bd7 10. O-O-O Qa5 11. Bb3 Rfc8 12. g4 Ne5 13. h4 Nc4 14. Bxc4 Rxc4
15. h5 Rac8 16. Nb3 Qa6 17. hxg6 fxg6 18. e5 Ne8 19. Qh2 h5 20. Bd4 Rxd4 21.
Nxd4 Rxc3 22. bxc3 Qa3+ 23. Kb1 dxe5 24. Nb3 Nd6 25. Qd2 e4 26. Rhe1 Be6 27.
gxh5 Nb5 28. Re3 g5 29. Rg1 Bf6 30. fxe4 g4 31. Reg3 Kh7 32. e5 Bxe5 33. Qd3+
Kg7 34. Qxb5 Bxg3 35. Rxg3 Qd6 36. Qd3 Qxd3 37. cxd3 Kh6 38. Nd4 Bd7 39. Kc2
Kxh5 40. Kd2 Kh4 41. Ne2 Bc6 42. Ke3 Bf3 43. Rg1 Kh3 44. Nd4 Bd5 45. Kf4 Bxa2
46. Rg3+ Kh2 47. Kxg4 Bd5 48. Nf3+ Bxf3+ 49. Kxf3 1-0

[Event "Championnat de France - Open A"]
[Site "Pau"]
[Date "2008.08.19"]
[Round "7.33"]
[White "Fievet, Patrick"]
[Black "Lograda, Alexis"]
[Result "1/2-1/2"]
[WhiteElo "2091"]
[BlackElo "2033"]
[PlyCount "148"]

1. e4 c5 2. Nf3 e6 3. d4 cxd4 4. Nxd4 a6 5. Bd3 Qc7 6. O-O Nf6 7. Qe2 d6 8. c4
Be7 9. Nc3 Nc6 10. Nxc6 bxc6 11. Bf4 e5 12. Bg3 O-O 13. h3 Be6 14. Rac1 c5 15.
Nd5 Bxd5 16. cxd5 a5 17. f4 exf4 18. Bxf4 Nd7 19. Bb5 Bf6 20. Kh1 Ne5 21. b3
Ra7 22. a4 Qe7 23. Rcd1 Rc8 24. Bg3 g6 25. Qf2 Bg7 26. Bh4 Qd7 27. Bg5 h6 28.
Bf4 Rf8 29. Rc1 Qe7 30. Bg3 Qc7 31. Qd2 Kh7 32. Rc2 Qe7 33. Qe1 Qc7 34. Rcf2
Qe7 35. Qe2 Qc7 36. Bh4 Kg8 37. Bg3 Kh7 38. Bf4 Kg8 39. g4 Kh7 40. Rg2 Kg8 41.
Qf2 Qe7 42. Qg3 g5 43. Bd2 Ng6 44. Re2 Be5 45. Qe1 Nf4 46. Re3 Qd8 47. Ref3 Kg7
48. Bxf4 Bxf4 49. e5 Bxe5 50. Qe4 Bf4 51. Bd3 Rh8 52. Re1 Qf6 53. Rff1 Qd4 54.
Qf3 Rb7 55. Bc4 Qf6 56. Re4 Re7 57. Rfe1 Rhe8 58. Rxe7 Rxe7 59. Rxe7 Qxe7 60.
Qc3+ Qe5 61. Qxa5 Qb2 62. Kg1 Be3+ 63. Kh1 Qf2 64. Qc3+ Bd4 65. Qc1 Qf3+ 66.
Kh2 Qf2+ 67. Kh1 Qf3+ 68. Kh2 Be5+ 69. Kg1 Bd4+ 70. Kh2 Qf2+ 71. Kh1 Qf3+ 72.
Kh2 Qf2+ 73. Kh1 Qf3+ 74. Kh2 Qf2+ 1/2-1/2

[Event "Championnat de France - Open A"]
[Site "Pau"]
[Date "2008.08.19"]
[Round "7.34"]
[White "Bruneau, Francois"]
[Black "Jactel, Nicolas"]
[Result "0-1"]
[WhiteElo "2002"]
[BlackElo "2141"]
[PlyCount "52"]

1. e4 c5 2. Nc3 g6 3. f4 Bg7 4. Nf3 Nc6 5. Bb5 Nd4 6. a4 a6 7. Bc4 e6 8. e5 d5
9. exd6 Nf6 10. d3 Qxd6 11. Ng5 O-O 12. Nce4 Nxe4 13. dxe4 Qc7 14. c3 Nc6 15.
O-O b6 16. Qe2 Bb7 17. Qg4 Na5 18. Bd3 Nb3 19. Rb1 c4 20. Qh3 h6 21. Nxe6 fxe6
22. Qxe6+ Kh7 23. f5 Nxc1 24. Qxg6+ Kg8 25. f6 Nxd3 26. fxg7 Qxg7 0-1

[Event "Championnat de France - Open A"]
[Site "Pau"]
[Date "2008.08.19"]
[Round "7.35"]
[White "Denous, Cyprien"]
[Black "Nguyen-Huu, Hoang"]
[Result "0-1"]
[WhiteElo "2028"]
[BlackElo "2129"]
[PlyCount "162"]

1. e4 c6 2. d4 Qc7 3. Nc3 d6 4. f4 Nd7 5. Nf3 e5 6. Be3 Ngf6 7. Qd2 Be7 8. Be2
O-O 9. h3 b5 10. a3 a6 11. O-O Re8 12. g4 exd4 13. Bxd4 h6 14. g5 hxg5 15. fxg5
Nh5 16. Nh4 Ng3 17. Rf3 d5 18. Nf5 Nxe4 19. Nxe4 dxe4 20. Rf2 Bc5 21. Bh5 Bxd4
22. Qxd4 Re5 23. Raf1 Rxf5 24. Bxf7+ Rxf7 25. Rxf7 Qg3+ 26. Kh1 Qxh3+ 27. Kg1
Qg4+ 28. Kh1 Qh5+ 29. Kg1 Qxg5+ 30. Kh1 Qh6+ 31. Kg1 Qg6+ 32. Kh1 Qh6+ 33. Kg1
Qg5+ 34. Kh1 Qh4+ 35. Kg1 Nf6 36. R7xf6 gxf6 37. Rxf6 Qg5+ 38. Kh2 Bg4 39. Qd6
Qh4+ 40. Kg1 Qe1+ 41. Kh2 Qh4+ 42. Kg1 Bf5 43. Qe7 Qg5+ 44. Kh2 Qg7 45. Qxg7+
Kxg7 46. Rxf5 Rd8 47. Rc5 Rd6 48. Kg2 Re6 49. Kf2 Kf6 50. Ke3 Ke7 51. b3 Kd6
52. Rh5 Re5 53. Rh6+ Kd5 54. c3 a5 55. Rh8 Re6 56. Ra8 Rh6 57. Rxa5 Rh3+ 58.
Kd2 e3+ 59. Kd3 e2+ 60. Kxe2 Rxc3 61. a4 Rxb3 62. axb5 cxb5 63. Kd2 Kc4 64. Kc2
Rh3 65. Ra8 Rh2+ 66. Kc1 b4 67. Rc8+ Kb3 68. Rb8 Rh1+ 69. Kd2 Ka3 70. Ra8+ Kb2
71. Ra4 b3 72. Ra8 Rh2+ 73. Kd1 Rc2 74. Ra7 Rc8 75. Rb7 Rd8+ 76. Ke2 Kc2 77.
Rc7+ Kb1 78. Rb7 b2 79. Ke1 Rd4 80. Ke2 Kc2 81. Ke3 Rc4 0-1

[Event "Championnat de France - Open A"]
[Site "Pau"]
[Date "2008.08.19"]
[Round "7.36"]
[White "Csomos, Romain"]
[Black "Blachon, Pascal"]
[Result "0-1"]
[WhiteElo "2011"]
[BlackElo "2118"]
[PlyCount "68"]

1. d4 Nf6 2. Nf3 g6 3. b3 Bg7 4. Bb2 d5 5. e3 Bf5 6. Bd3 Bxd3 7. Qxd3 a6 8.
Nbd2 O-O 9. O-O Nbd7 10. c4 c6 11. Rac1 Rc8 12. Rfd1 Qa5 13. Qc3 Qxc3 14. Bxc3
b5 15. Ba1 c5 16. dxc5 Nxc5 17. cxd5 Nxd5 18. Bxg7 Kxg7 19. Nf1 e6 20. Ng3 b4
21. Rd2 Nxb3 22. Rxc8 Nxd2 23. Rc6 Nxf3+ 24. gxf3 Ra8 25. Ne2 Ra7 26. e4 Nc7
27. Kf1 a5 28. Rb6 Ra6 29. Rb7 Rc6 30. Ra7 Na6 31. Nd4 Rb6 32. Ke2 a4 33. Kd3
b3 34. axb3 axb3 0-1

[Event "Championnat de France - Open A"]
[Site "Pau"]
[Date "2008.08.19"]
[Round "7.37"]
[White "Samoun, Florent"]
[Black "Garrel, Alain"]
[Result "0-1"]
[WhiteElo "2006"]
[BlackElo "2107"]
[PlyCount "52"]

1. c4 d6 2. Nc3 e5 3. g3 c6 4. Bg2 f5 5. d3 Nf6 6. Rb1 a5 7. e3 Be6 8. Nge2 Be7
9. O-O O-O 10. a3 Nbd7 11. b4 axb4 12. axb4 Qe8 13. b5 Nc5 14. Qc2 e4 15. dxe4
fxe4 16. Rd1 Bxc4 17. Nxe4 Nfxe4 18. Qxc4+ d5 19. Qd4 Rxf2 20. Nf4 Bf6 21. Qb4
Bc3 22. Bxe4 Bxb4 23. Rxb4 Rxf4 24. Bxd5+ cxd5 25. Rxf4 Ra1 26. Rdf1 Rxc1 0-1

[Event "Championnat de France - Open A"]
[Site "Pau"]
[Date "2008.08.19"]
[Round "7.38"]
[White "Rodon, Gurvan"]
[Black "Lamberti, Hugo"]
[Result "0-1"]
[WhiteElo "1989"]
[BlackElo "2101"]
[PlyCount "64"]

1. Nf3 Nf6 2. c4 g6 3. Nc3 Bg7 4. e4 d6 5. d4 O-O 6. Be2 e5 7. O-O Nc6 8. d5
Ne7 9. b4 Ne8 10. a4 f5 11. Nd2 f4 12. f3 g5 13. g4 fxg3 14. hxg3 Ng6 15. c5 h5
16. Rf2 h4 17. g4 Qf6 18. Rh2 Nf4 19. Bf1 Rf7 20. Nc4 Bf8 21. Ba3 c6 22. dxc6
bxc6 23. cxd6 Nxd6 24. b5 Nxc4 25. Bxc4 Be6 26. Bf1 Rd8 27. Rd2 Rxd2 28. Qxd2
Rd7 29. Qe3 Bf7 30. bxc6 Qxc6 31. Bb5 Rd3 32. Qxf4 Qc5+ 0-1

[Event "Championnat de France - Open A"]
[Site "Pau"]
[Date "2008.08.19"]
[Round "7.39"]
[White "Medeuf, Yonhel"]
[Black "Venner, Laurent"]
[Result "0-1"]
[WhiteElo "2080"]
[BlackElo "2029"]
[PlyCount "75"]

1. e4 d5 2. exd5 Qxd5 3. Nc3 Qa5 4. d4 Nf6 5. Bc4 Bg4 6. Nge2 e6 7. Bd2 Qb6 8.
Be3 Bxe2 9. Bxe2 Nd5 10. Nxd5 exd5 11. O-O Nd7 12. c4 Be7 13. Qa4 dxc4 14. Bxc4
Qb4 15. Bxf7+ Kxf7 16. Qxd7 Qd6 17. Qb5 c6 18. Qxb7 Rhb8 19. Qa6 Rxb2 20. Rfc1
Rb6 21. Qc4+ Qd5 22. Kf1 Rab8 23. Qxd5+ cxd5 24. Rc7 R8b7 25. Rac1 Ke6 26. Rxb7
Rxb7 27. Rc2 Kd7 28. Ke2 h5 29. Bf4 g5 30. Be5 Ke6 31. Ke3 Kf5 32. h3 g4 33.
hxg4+ hxg4 34. f3 Bg5+ 35. Kf2 Bf4 36. Bxf4 Kxf4 37. g3+ Kf5 38. Re2 0-1

[Event "Championnat de France - Open A"]
[Site "Pau"]
[Date "2008.08.19"]
[Round "7.40"]
[White "Jouneau, Quentin"]
[Black "Daspres, Loic"]
[Result "1-0"]
[WhiteElo "1978"]
[BlackElo "2060"]
[PlyCount "39"]

1. e4 c5 2. Nf3 d6 3. d4 cxd4 4. Nxd4 Nf6 5. Nc3 a6 6. g3 e5 7. Nde2 Be7 8. h3
Nbd7 9. g4 Nc5 10. Bg2 Be6 11. Ng3 Qc7 12. Nf5 Rg8 13. g5 Nfxe4 14. Nd5 Bxd5
15. Qxd5 Qa5+ 16. Kf1 Qa4 17. b3 Qb4 18. a3 Qc3 19. Ra2 Nxg5 20. Bd2 1-0

[Event "Championnat de France - Open A"]
[Site "Pau"]
[Date "2008.08.19"]
[Round "7.41"]
[White "Bourdeaud'Huy, Thomas"]
[Black "Menneveux, Jerome"]
[Result "1/2-1/2"]
[WhiteElo "2052"]
[BlackElo "2027"]
[PlyCount "48"]

1. b3 d5 2. Bb2 c5 3. e3 Nc6 4. Bb5 e6 5. Nf3 Nf6 6. O-O Qc7 7. Ne5 Bd7 8. Bxc6
Bxc6 9. f4 O-O-O 10. d3 Bd6 11. Nd2 h5 12. h3 Ne8 13. Qf3 f6 14. Nxc6 Qxc6 15.
f5 Nc7 16. Rae1 Rde8 17. c4 exf5 18. Qxf5+ Kb8 19. cxd5 Nxd5 20. Ne4 Nb4 21.
Nxd6 Qxd6 22. d4 cxd4 23. Bxd4 Nc6 24. Bc3 Qe6 1/2-1/2

[Event "Championnat de France - Open A"]
[Site "Pau"]
[Date "2008.08.19"]
[Round "7.42"]
[White "Martinet, Regis"]
[Black "Lamard, Guillaume"]
[Result "1-0"]
[WhiteElo "2049"]
[BlackElo "2001"]
[PlyCount "155"]

1. e4 c5 2. Nf3 e6 3. d4 cxd4 4. Nxd4 Nc6 5. Be3 Qc7 6. Be2 a6 7. O-O Nf6 8.
Nd2 Be7 9. f4 O-O 10. c3 d6 11. Bf3 e5 12. Nxc6 bxc6 13. Kh1 Rb8 14. b3 Re8 15.
Qc2 Nd7 16. Nc4 exf4 17. Bxf4 Ne5 18. Nxe5 dxe5 19. Bg3 Be6 20. Rad1 g6 21. c4
Bf8 22. Be2 a5 23. Rf3 Bg7 24. Rfd3 f5 25. Bf3 f4 26. Bh4 h6 27. Qd2 g5 28. Be1
g4 29. Be2 Ra8 30. Bh4 Bf8 31. Rd8 Bb4 32. Rxa8 Rxa8 33. Qb2 Bc5 34. Be1 Bd4
35. Rxd4 exd4 36. Qxd4 Rf8 37. Bc3 Qd7 38. Qh8+ Kf7 39. Qxh6 Ke8 40. Qh5+ Rf7
41. h3 f3 42. gxf3 gxf3 43. Bxf3 Qd3 44. Bf6 Qf1+ 45. Kh2 Qxh3+ 46. Qxh3 Bxh3
47. Bh5 Bf1 48. Kg3 Kf8 49. Bxf7 Kxf7 50. Bc3 a4 51. Kf4 axb3 52. axb3 Bd3 53.
Ke3 Bc2 54. b4 Ke6 55. Kd4 Kd6 56. e5+ Kc7 57. Kc5 Bf5 58. Bd4 Bc8 59. Be3 Be6
60. b5 cxb5 61. cxb5 Bc8 62. Kd5 Bh3 63. e6 Bg2+ 64. Kc5 Bf3 65. b6+ Kb7 66.
Kd6 Bh5 67. Kd7 Bg4 68. Ke7 Kc8 69. Bf4 Kb7 70. Bc7 Kc8 71. Kf7 Bh5+ 72. Kf8
Bg4 73. Bf4 Kb7 74. Be3 Kc8 75. e7 Kd7 76. Bf4 Kc8 77. Bc7 Kd7 78. Bd8 1-0

[Event "Championnat de France - Open A"]
[Site "Pau"]
[Date "2008.08.19"]
[Round "7.43"]
[White "Eid, Maha"]
[Black "Lagunes, Jean-Renaud"]
[Result "0-1"]
[WhiteElo "1953"]
[BlackElo "2047"]
[PlyCount "116"]

1. d4 g6 2. c4 Nf6 3. Nc3 Bg7 4. e4 d6 5. f3 Nc6 6. Be3 O-O 7. Nge2 a6 8. Nc1
e5 9. Nb3 a5 10. d5 Nb8 11. c5 Nbd7 12. Bb5 Nh5 13. O-O f5 14. Be2 f4 15. Bf2
g5 16. a4 Rf6 17. cxd6 cxd6 18. Rc1 b6 19. Nb5 Nc5 20. Nxc5 bxc5 21. Bc4 Rg6
22. Bxc5 dxc5 23. d6+ Kh8 24. Bd5 Rb8 25. Rxc5 Qb6 26. Qc2 Bd7 27. Qf2 Bf8 28.
Bf7 Rh6 29. Rxe5 Bxb5 30. Qxb6 Rxb6 31. axb5 Bxd6 32. Rxg5 Ng7 33. Rc1 Rb8 34.
Rc6 Be7 35. Re5 Rxc6 36. bxc6 Bd8 37. Rd5 Rc8 38. Kf1 Bb6 39. Rd6 Ne8 40. Bxe8
Rxe8 41. g3 Rg8 42. g4 Rg5 43. Ke2 Rb5 44. Rd2 Rc5 45. h4 Rxc6 46. h5 h6 47.
Kd1 Be3 48. Rc2 Rd6+ 49. Ke2 Kg7 50. Rc7+ Kf6 51. Rb7 Rd2+ 52. Ke1 Kg5 53. e5
Rd5 54. Rg7+ Kh4 55. e6 Re5 56. Rg6 Kg3 57. Kd1 Kxf3 58. g5 Rc5 0-1

[Event "Championnat de France - Open A"]
[Site "Pau"]
[Date "2008.08.19"]
[Round "7.44"]
[White "Fourcand, Pierre"]
[Black "Carre, Sylvain"]
[Result "0-1"]
[WhiteElo "1933"]
[BlackElo "2044"]
[PlyCount "58"]

1. c4 e6 2. Nc3 Nf6 3. d4 d5 4. cxd5 exd5 5. Bg5 Be7 6. e3 h6 7. Bh4 c6 8. Qc2
Ne4 9. Bxe7 Qxe7 10. Nxd5 cxd5 11. Qxc8+ Qd8 12. Qxd8+ Kxd8 13. Bd3 Nc6 14.
Bxe4 dxe4 15. Ne2 Nb4 16. O-O Rc8 17. Ng3 Ke7 18. Nxe4 Rc2 19. a3 Nd3 20. b4 b6
21. Rfd1 Nb2 22. Rac1 Rhc8 23. Rxc2 Rxc2 24. Rf1 Ke6 25. g3 f5 26. Nc5+ bxc5
27. dxc5 Kd5 28. Rb1 Nd3 29. Rd1 Rc1 0-1

[Event "Championnat de France - Open A"]
[Site "Pau"]
[Date "2008.08.19"]
[Round "7.45"]
[White "Neri, Jean-Baptiste"]
[Black "Le Bail, Clara"]
[Result "1/2-1/2"]
[WhiteElo "1928"]
[BlackElo "2035"]
[PlyCount "82"]

1. e4 e6 2. d4 d5 3. Nc3 Bb4 4. e5 c5 5. a3 Bxc3+ 6. bxc3 Ne7 7. Qg4 O-O 8. Bd3
Nbc6 9. Bg5 Qa5 10. Ne2 Qc7 11. Ng3 Ng6 12. O-O c4 13. Bxg6 fxg6 14. h4 Ne7 15.
h5 gxh5 16. Qxh5 Ng6 17. Ne2 Qf7 18. Ng3 Bd7 19. f3 Ba4 20. Rfc1 Be8 21. Qg4 b5
22. Kf2 Bd7 23. Ke2 Nf4+ 24. Bxf4 Qxf4 25. Qxf4 Rxf4 26. Rh1 h6 27. Kd2 Kh7 28.
Rh2 Be8 29. Rah1 a5 30. Ne2 Rf8 31. f4 Kg6 32. g4 Bd7 33. Rf2 Rab8 34. Rg1 Kh7
35. Ng3 b4 36. axb4 a4 37. Ra1 g6 38. Kc1 Ra8 39. Kb2 Rf7 40. Ka3 Raf8 41. Raf1
Kg7 1/2-1/2

[Event "Championnat de France - Open A"]
[Site "Pau"]
[Date "2008.08.19"]
[Round "7.46"]
[White "Coustance, Kevin"]
[Black "Billon, Olivier"]
[Result "0-1"]
[WhiteElo "2034"]
[BlackElo "1999"]
[PlyCount "68"]

1. e4 c5 2. Nf3 Nc6 3. Bb5 d6 4. Bxc6+ bxc6 5. h3 Ba6 6. d3 g6 7. Nc3 Bg7 8.
O-O e5 9. b3 Ne7 10. a4 O-O 11. Ba3 f5 12. Ng5 Bc8 13. exf5 gxf5 14. Bb2 h6 15.
Nf3 d5 16. Re1 e4 17. dxe4 fxe4 18. Nd2 Bd4 19. Kh1 Bxf2 20. Rf1 e3 21. Nf3 Nf5
22. Ne2 Ba6 23. Nfg1 Bxg1 24. Kxg1 Qg5 25. Rf3 d4 26. Ba3 Kh7 27. Nf4 Nh4 28.
c4 Rxf4 29. Qc2+ Kh8 30. Rxf4 Qxf4 31. Rf1 Qg3 32. Bxc5 d3 33. Qb2+ Kg8 34. Kh1
e2 0-1

[Event "Championnat de France - Open A"]
[Site "Pau"]
[Date "2008.08.19"]
[Round "7.47"]
[White "Muratet, Lucas"]
[Black "Ane, Cedric"]
[Result "0-1"]
[WhiteElo "1934"]
[BlackElo "2033"]
[PlyCount "84"]

1. e4 c5 2. Nf3 Nc6 3. d3 g6 4. g3 Bg7 5. Bg2 d6 6. O-O Nf6 7. Nc3 e5 8. h3 O-O
9. Be3 b6 10. Kh2 Bb7 11. Nd2 Nd4 12. Nd5 Nxd5 13. exd5 Nf5 14. Rb1 Rc8 15. c4
Rc7 16. a3 Nxe3 17. fxe3 f5 18. e4 Bh6 19. Qe2 Bc8 20. Rf2 Qg5 21. Rbf1 Rcf7
22. Nb1 Qe3 23. Nc3 Qxe2 24. Nxe2 Be3 25. Rf3 Bd4 26. Nxd4 exd4 27. b4 fxe4 28.
Rxf7 Rxf7 29. Rxf7 Kxf7 30. Bxe4 cxb4 31. axb4 a5 32. bxa5 bxa5 33. Bf3 a4 34.
Bd1 a3 35. Bb3 Bf5 36. Kg2 Bxd3 37. Ba2 Kf6 38. Kf3 Ke5 39. Kf2 Bf5 40. g4 Bc2
41. Kf3 Be4+ 42. Kf2 Kf4 0-1

[Event "Championnat de France - Open A"]
[Site "Pau"]
[Date "2008.08.19"]
[Round "7.48"]
[White "Laurent, Maxime"]
[Black "Budin, Florent"]
[Result "1-0"]
[WhiteElo "2033"]
[BlackElo "1973"]
[PlyCount "55"]

1. Nf3 Nf6 2. g3 g6 3. Bg2 Bg7 4. O-O d6 5. c4 O-O 6. Nc3 c6 7. d4 Nbd7 8. Qc2
e5 9. Rd1 Qe7 10. b3 Re8 11. e4 a6 12. Ba3 exd4 13. Nxd4 c5 14. Nde2 Rb8 15.
Bb2 Ne5 16. Nf4 Bg4 17. Re1 Bf3 18. Ncd5 Nxd5 19. Nxd5 Qd8 20. Bxe5 Bxe5 21.
Bxf3 Bxa1 22. Rxa1 h5 23. Qc3 Re6 24. Bg2 g5 25. Qf3 Kg7 26. Qxh5 Rh6 27. Qg4
f6 28. Ne3 1-0

[Event "Championnat de France - Open A"]
[Site "Pau"]
[Date "2008.08.19"]
[Round "7.49"]
[White "Rodier, David"]
[Black "Lewertowski, Gabriel"]
[Result "1-0"]
[WhiteElo "2162"]
[BlackElo "2017"]
[PlyCount "84"]

1. d4 Nf6 2. c4 Nc6 3. Nf3 e6 4. Nc3 Bb4 5. a3 Bxc3+ 6. bxc3 d6 7. Bg5 h6 8.
Bh4 Qe7 9. Nd2 e5 10. d5 Nb8 11. e4 Na6 12. f3 Bd7 13. Bd3 Nc5 14. Bc2 O-O 15.
Nb3 Na4 16. O-O g5 17. Be1 Nb6 18. Na5 Nh5 19. g3 Ng7 20. f4 Rab8 21. Rb1 c6
22. Bf2 cxd5 23. cxd5 Rfc8 24. Qd3 Qd8 25. Bxb6 axb6 26. Nc4 b5 27. Ne3 Qa5 28.
Rb3 Rc7 29. Rc1 Rbc8 30. Bd1 Rc4 31. Qd2 Ra4 32. Nc2 Ne8 33. h4 f6 34. Kg2 Nc7
35. Be2 Na6 36. hxg5 fxg5 37. Rh1 Kg7 38. Ne3 Rxa3 39. Rxa3 Qxa3 40. Bxb5 Bxb5
41. Nf5+ Kf8 42. Rxh6 Qxc3 {suite illisible} 1-0

[Event "Championnat de France - Open A"]
[Site "Pau"]
[Date "2008.08.19"]
[Round "7.50"]
[White "Gaubil, Olivier"]
[Black "Castro, John"]
[Result "0-1"]
[WhiteElo "2154"]
[BlackElo "2014"]
[PlyCount "78"]

1. Nf3 Nf6 2. d4 g6 3. c4 Bg7 4. Nc3 O-O 5. e4 d6 6. Be2 e5 7. O-O Nc6 8. d5
Ne7 9. Ne1 Nd7 10. Nd3 f5 11. Bd2 Nf6 12. f3 f4 13. Rc1 g5 14. Nf2 h5 15. h3
Ng6 16. b4 Rf7 17. c5 Bh6 18. Qc2 g4 19. fxg4 hxg4 20. hxg4 Rh7 21. cxd6 cxd6
22. Nb5 Ne8 23. Nxa7 Bd7 24. Nc6 Qh4 25. Bf3 Bg5 26. Nh3 Qh6 27. Kf2 Nf6 28.
Rh1 Nxg4+ 29. Ke2 Ne3 30. Nxg5 Qxg5 31. Rxh7 Kxh7 32. Qb3 Nxg2 33. Rg1 N6h4 34.
Rh1 Kg7 35. b5 Nxf3 36. Kxf3 Qg3+ 37. Ke2 Bg4+ 38. Kf1 Ne3+ 39. Bxe3 fxe3 0-1

[Event "Championnat de France - Open A"]
[Site "Pau"]
[Date "2008.08.19"]
[Round "7.51"]
[White "Beaucoudray, Marc"]
[Black "Kieffer, Christian"]
[Result "1/2-1/2"]
[WhiteElo "2010"]
[BlackElo "2148"]
[PlyCount "107"]

1. e4 c5 2. Nf3 Nc6 3. d4 cxd4 4. Nxd4 e5 5. Nb5 d6 6. N1c3 a6 7. Na3 b5 8. Nd5
Nge7 9. c3 Nxd5 10. exd5 Ne7 11. g3 g6 12. Bg2 Bg7 13. Nc2 Bd7 14. O-O O-O 15.
f4 Nf5 16. Kh1 Re8 17. Qd3 a5 18. Bd2 Rc8 19. Rab1 h5 20. Be4 Rc4 21. b3 Rxe4
22. Qxe4 exf4 23. Qxf4 Re2 24. Rbe1 Be5 25. Rxe2 Bxf4 26. Bxf4 Qc8 27. Rf3 Qc5
28. Rd3 Kg7 29. Ne3 Nh6 30. Rf2 Nf5 31. Nxf5+ Bxf5 32. Be3 Qc7 33. Bd4+ Kh6 34.
Re3 Qb7 35. c4 bxc4 36. bxc4 Be4+ 37. Kg1 g5 38. Rb2 Qc7 39. Rc3 h4 40. Bb6 Qe7
41. Bxa5 Qa7+ 42. Bb6 Qa4 43. Be3 Kh5 44. Rd2 Qb4 45. Rc1 Qa3 46. Re1 f5 47. c5
f4 48. gxf4 gxf4 49. Bxf4 Qxc5+ 50. Be3 Qc3 51. Bf4 Qf3 52. Bxd6 Qh1+ 53. Kf2
Qf3+ 54. Kg1 1/2-1/2

[Event "Championnat de France - Open A"]
[Site "Pau"]
[Date "2008.08.19"]
[Round "7.52"]
[White "Milesi, Laurent"]
[Black "Ane, Regis"]
[Result "1-0"]
[WhiteElo "2145"]
[BlackElo "1993"]
[PlyCount "65"]

1. e4 c5 2. Nf3 e6 3. d4 cxd4 4. Nxd4 Nf6 5. Nc3 d6 6. Be2 Be7 7. O-O a6 8. Be3
Qc7 9. f4 Nc6 10. Qe1 O-O 11. Qg3 Nxd4 12. Bxd4 b5 13. a3 Bb7 14. Rae1 Rac8 15.
Kh1 Bc6 16. Bd3 g6 17. f5 e5 18. Be3 Kg7 19. Qh4 h5 20. Bg5 Qd8 21. Rf3 d5 22.
exd5 Bxd5 23. Nxd5 Qxd5 24. Ref1 Rc6 25. Be4 Nxe4 26. Bxe7 Re8 27. fxg6 fxg6
28. Bf8+ Kg8 29. Bb4 Nc5 30. Qg5 Nd7 31. h4 Kg7 32. Bd2 Rg8 33. Qh6# 1-0

[Event "Championnat de France - Open A"]
[Site "Pau"]
[Date "2008.08.19"]
[Round "7.53"]
[White "Guilbert, Jean-Louis"]
[Black "Cramer, Stephen"]
[Result "1-0"]
[WhiteElo "2003"]
[BlackElo "2090"]
[PlyCount "133"]

1. d4 d5 2. c4 e6 3. cxd5 exd5 4. Nc3 Nf6 5. Bg5 Be7 6. e3 O-O 7. Bd3 Re8 8.
Qc2 Nbd7 9. Nge2 Nf8 10. O-O Ng6 11. f3 c6 12. Kh1 Nd7 13. Bxe7 Qxe7 14. e4
dxe4 15. fxe4 Nf6 16. h3 Be6 17. Rad1 Qd8 18. a3 Rc8 19. Qd2 Rc7 20. b4 Rce7
21. b5 Qc7 22. Rc1 Bd7 23. e5 Re6 24. exf6 gxf6 25. bxc6 bxc6 26. Nd5 Qd6 27.
Ndf4 Re3 28. Bxg6 fxg6 29. Rc3 R3e7 30. Rf2 Bf5 31. Ng3 Be4 32. Nxe4 Rxe4 33.
Re2 Kf7 34. Rxe4 Rxe4 35. Ne2 Qe6 36. Rc2 f5 37. Rb2 Qe7 38. Qc2 Re6 39. Qc4
Kf6 40. a4 g5 41. a5 Qa3 42. Qc3 Qa1+ 43. Ng1 Kg6 44. Kh2 h5 45. Nf3 g4 46.
Nh4+ Kg5 47. Qd2+ f4 48. g3 Qf1 49. Ng2 gxh3 50. Qxf4+ Qxf4 51. Nxf4 Re1 52.
Kxh3 Ra1 53. d5 h4 54. Ne6+ Kf6 55. gxh4 cxd5 56. Nd4 Rxa5 57. Rf2+ Kg6 58. Kg4
Ra1 59. h5+ Kh6 60. Rf6+ Kh7 61. Nf5 a5 62. h6 a4 63. Kh5 a3 64. Rf7+ Kh8 65.
Nh4 a2 66. Ng6+ Kg8 67. Rg7# 1-0

[Event "Championnat de France - Open A"]
[Site "Pau"]
[Date "2008.08.19"]
[Round "7.54"]
[White "Gras, Delphine"]
[Black "Brunstein, Sandrine"]
[Result "1-0"]
[WhiteElo "1993"]
[BlackElo "2049"]
[PlyCount "87"]

1. e4 e6 2. d4 d5 3. Nc3 Bb4 4. e5 Ne7 5. a3 Bxc3+ 6. bxc3 c5 7. Bd3 Qa5 8. Bd2
c4 9. Be2 Bd7 10. Qb1 Nbc6 11. f4 h5 12. Nf3 Nf5 13. O-O h4 14. a4 a6 15. Qb2
Nd8 16. Qa3 Rc8 17. Kf2 b5 18. axb5 Qxa3 19. Rxa3 Bxb5 20. g4 hxg3+ 21. hxg3 f6
22. Raa1 Nf7 23. g4 N5h6 24. Nh4 Nxg4+ 25. Bxg4 Rxh4 26. Bxe6 Rd8 27. Kg3 Rh8
28. Rae1 Ke7 29. f5 Rh5 30. Bc1 Kf8 31. Ba3+ Kg8 32. exf6 gxf6 33. Be7 Re8 34.
Bxf6 Kf8 35. Rh1 Rh6 36. Rxh6 Nxh6 37. Rh1 Nxf5+ 38. Bxf5 Kf7 39. Be5 Rg8+ 40.
Kf4 Rg2 41. Rh7+ Kf8 42. Rc7 Ke8 43. Be6 Rxc2 44. Rc8+ 1-0

[Event "Championnat de France - Open A"]
[Site "Pau"]
[Date "2008.08.19"]
[Round "7.55"]
[White "Gretry, Patrice"]
[Black "Thon, Gabriel"]
[Result "0-1"]
[WhiteElo "2029"]
[BlackElo "1985"]
[PlyCount "50"]

1. e4 c5 2. Nf3 e6 3. d4 cxd4 4. Nxd4 Nf6 5. Nc3 d6 6. Be3 Be7 7. f3 a6 8. Qd2
Qc7 9. g4 b5 10. h4 Bb7 11. Bh3 Nfd7 12. g5 Ne5 13. O-O-O Nc4 14. Qd3 Qa5 15.
Kb1 Nd7 16. Nb3 Qc7 17. f4 O-O-O 18. Bf2 Kb8 19. Rhe1 Rc8 20. Qd4 Nc5 21. Qxg7
Rhg8 22. Qd4 e5 23. fxe5 dxe5 24. Nxc5 exd4 25. Nd7+ Ka8 0-1